000 00461nam a22001817a 4500
003 OSt
005 20210930101109.0
008 210930b |||||||| |||| 00| 0 eng d
020 _a978-81-265-5659-5
040 _cHU
082 _a543.0858
100 _aROBERT M SILVERTEIN
_98514
245 _aSpectrometric Identification of Organic Compoumds
250 _a8th
260 _aNaveen Enterprises Delhi
_bWiley
_c2015
300 _a455
942 _2ddc
_cBOOKS
_n0
999 _c7889
_d7889